[Rezension von: Rasmussen, Adam, Genesis and cosmos : Basil and Origen on Genesis 1 and cosmology]
| Main Author: | |
|---|---|
| Contributors: | |
| Format: | Print Review |
| Language: | English |
| Check availability: | HBZ Gateway |
| Interlibrary Loan: | Interlibrary Loan for the Fachinformationsdienste (Specialized Information Services in Germany) |
| Published: |
2021
|
| In: |
Australian biblical review
Year: 2021, Volume: 69, Pages: 127-129 |
| Review of: | Genesis and cosmos (Leiden : Brill, 2019) (Brown, Andrew)
Genesis and cosmos (Boston : BRILL, 2019) (Brown, Andrew) Genesis and cosmos (Leiden : Brill, 2019) (Brown, Andrew) Genesis and cosmos (Leiden : Brill, 2019) (Brown, Andrew) |
| IxTheo Classification: | HB Old Testament |
| Further subjects: | B
Book review
|
| Online Access: |
Volltext (kostenfrei) |
MARC
| LEADER | 00000caa a2200000 c 4500 | ||
|---|---|---|---|
| 001 | 1780867026 | ||
| 003 | DE-627 | ||
| 005 | 20231105113221.0 | ||
| 007 | tu | ||
| 008 | 211209s2021 xx ||||| o 00| ||eng c | ||
| 035 | |a (DE-627)1780867026 | ||
| 035 | |a (DE-599)KXP1780867026 | ||
| 040 | |a DE-627 |b ger |c DE-627 |e rda | ||
| 041 | |a eng | ||
| 084 | |a 1 |2 ssgn | ||
| 100 | 1 | |e VerfasserIn |0 (DE-588)138393389 |0 (DE-627)602049555 |0 (DE-576)30694569X |4 aut |a Brown, Andrew |d 1964- | |
| 109 | |a Brown, Andrew 1964- |a Brown, Andrew D. 1964- |a Brown, A. D. 1964- | ||
| 245 | 1 | 0 | |a [Rezension von: Rasmussen, Adam, Genesis and cosmos : Basil and Origen on Genesis 1 and cosmology] |c Andrew Brown |
| 264 | 1 | |c 2021 | |
| 336 | |a Text |b txt |2 rdacontent | ||
| 337 | |a ohne Hilfsmittel zu benutzen |b n |2 rdamedia | ||
| 338 | |a Band |b nc |2 rdacarrier | ||
| 652 | |a HB | ||
| 655 | 7 | |a Rezension |0 (DE-588)4049712-4 |0 (DE-627)106186019 |0 (DE-576)209083166 |2 gnd-content | |
| 700 | 1 | |e VerfasserIn des Bezugswerks |0 (DE-588)1074717538 |0 (DE-627)832379514 |0 (DE-576)442797370 |4 ant |a Rasmussen, Adam | |
| 773 | 0 | 8 | |i Enthalten in |t Australian biblical review |d Melbourne : [Verlag nicht ermittelbar], 1951 |g 69(2021), Seite 127-129 |w (DE-627)16674722X |w (DE-600)300162-3 |w (DE-576)015178129 |x 0045-0308 |7 nnas |
| 773 | 1 | 8 | |g volume:69 |g year:2021 |g pages:127-129 |
| 787 | 0 | 8 | |i Rezension von |a Rasmussen, Adam |t Genesis and cosmos |d Leiden : Brill, 2019 |h 209 Seiten |w (DE-627)166443139X |z 9789004396920 |
| 787 | 0 | 8 | |i Rezension von |a Rasmussen, Adam |t Genesis and cosmos |d Boston : BRILL, 2019 |h 1 online resource (218 pages) |w (DE-627)1669795357 |z 9789004396937 |
| 787 | 0 | 8 | |i Rezension von |a Rasmussen, Adam |t Genesis and cosmos |d Leiden : Brill, 2019 |h 1 Online-Ressource (209 Seiten) |w (DE-627)1664849386 |z 9789004396937 |
| 787 | 0 | 8 | |i Rezension von |a Rasmussen, Adam |t Genesis and cosmos |d Leiden : Brill, 2019 |h 1 Online-Ressource (1 online resource) |w (DE-627)1830957104 |z 9004396934 |z 9789004396937 |
| 856 | 4 | 1 | |u http://www.fbs.org.au/reviews/rasmussen69.pdf |x Verlag |z kostenfrei |3 Volltext |7 0 |
| 935 | |a BIIN | ||
| 951 | |a AR | ||
| BIB | |a 1 | ||
| ELC | |b 1 | ||
| ITA | |a 1 |t 1 | ||
| LOK | |0 000 xxxxxcx a22 zn 4500 | ||
| LOK | |0 001 4018094159 | ||
| LOK | |0 003 DE-627 | ||
| LOK | |0 004 1780867026 | ||
| LOK | |0 005 20221024233049 | ||
| LOK | |0 008 211209||||||||||||||||ger||||||| | ||
| LOK | |0 040 |a DE-Tue135-1 |c DE-627 |d DE-Tue135-1 | ||
| LOK | |0 852 |a DE-Tue135-1 | ||
| LOK | |0 852 1 |m p |9 00 | ||
| LOK | |0 852 2 |b FTH Z4-064 |9 00 | ||
| LOK | |0 8564 |u https://bibsearch.uibk.ac.at/AC01234068 | ||
| LOK | |0 935 |a inzs | ||
| LOK | |0 936ln |0 1442044128 |a HB | ||
| LOK | |0 938 |k p | ||
| LOK | |0 939 |a 09-12-21 |b l01 | ||
| OAS | |a 1 | ||
| ORI | |a SA-MARC-ixtheoa001.raw | ||
| SUB | |a BIB | ||